000 00786nam a22002177a 4500
003 UA-OsUOA
001 95128
007 ta
008 20130226b un ||||| |||| 00| 0 ukr d
100 _aСкуба В.
090 _a908
_bС46
942 _cSA
040 _aUA-OsUOA
_bukr
_cUA-OsUOA
_dUA-OsUOA
245 _aПопит на мислителів - ознака вільної нації. Петро Кралюк - про новий відеопроект на етму української філософії, а текож про те, чому освітяни не готові захищати національну пам'ять
300 _aС.9
955 _a0
041 _aukr
080 _a908
773 0 _w95126
650 7 _a908 Краєзнавство
_2UDC
999 _c381372
_d381372